|
|
|
|
| LEADER |
00000caa a22000002c 4500 |
| 001 |
152542629X |
| 003 |
DE-627 |
| 005 |
20230426064829.0 |
| 007 |
cr uuu---uuuuu |
| 008 |
160212s2010 xx |||||o 00| ||eng c |
| 024 |
7 |
|
|a 10.1177/0306624X08328752
|2 doi
|
| 035 |
|
|
|a (DE-627)152542629X
|
| 035 |
|
|
|a (DE-576)455426295
|
| 035 |
|
|
|a (DE-599)BSZ455426295
|
| 040 |
|
|
|a DE-627
|b ger
|c DE-627
|e rda
|
| 041 |
|
|
|a eng
|
| 100 |
1 |
|
|a Levenson, Jill S.
|e VerfasserIn
|0 (DE-588)1098313704
|0 (DE-627)857534513
|0 (DE-576)187274266
|4 aut
|
| 109 |
|
|
|a Levenson, Jill S.
|
| 245 |
1 |
0 |
|a Sex offender treatment
|b consumer satisfaction and engagement in therapy
|c Jill S. Levenson, Lynn University, Boca Raton, FL; David S. Prescott,Sand Ridge Secure Treatment Center, Mauston, WI and David A. D'Amora, Center for the Treatment of Problem Sexual Behavior, Middletown, CT
|
| 264 |
|
1 |
|c 2010
|
| 336 |
|
|
|a Text
|b txt
|2 rdacontent
|
| 337 |
|
|
|a Computermedien
|b c
|2 rdamedia
|
| 338 |
|
|
|a Online-Ressource
|b cr
|2 rdacarrier
|
| 700 |
1 |
|
|a Prescott, David S.
|e VerfasserIn
|4 aut
|
| 700 |
1 |
|
|a D'Amora, David A.
|e VerfasserIn
|4 aut
|
| 773 |
0 |
8 |
|i Enthalten in
|t International journal of offender therapy and comparative criminology
|d London [u.a.] : Sage Publ., 1972
|g 54(2010), 3, Seite 307-326
|h Online-Ressource
|w (DE-627)325163286
|w (DE-600)2034467-3
|w (DE-576)094533156
|x 1552-6933
|7 nnas
|
| 773 |
1 |
8 |
|g volume:54
|g year:2010
|g number:3
|g pages:307-326
|
| 856 |
4 |
0 |
|u http://dx.doi.org/10.1177/0306624X08328752
|x Resolving-System
|3 Volltext
|7 1
|
| 951 |
|
|
|a AR
|
| ELC |
|
|
|a 1
|
| LOK |
|
|
|0 000 xxxxxcx a22 zn 4500
|
| LOK |
|
|
|0 001 2897999101
|
| LOK |
|
|
|0 003 DE-627
|
| LOK |
|
|
|0 004 152542629X
|
| LOK |
|
|
|0 005 20160212115553
|
| LOK |
|
|
|0 008 160212||||||||||||||||ger|||||||
|
| LOK |
|
|
|0 040
|a DE-21-110
|c DE-627
|d DE-21-110
|
| LOK |
|
|
|0 689
|a s
|a Sex offender
|
| LOK |
|
|
|0 689
|a s
|a Engagement
|
| LOK |
|
|
|0 689
|a s
|a Treatment
|
| LOK |
|
|
|0 689
|a s
|a Consumer satisfaction
|
| LOK |
|
|
|0 689
|a s
|a Sex abuse
|
| LOK |
|
|
|0 852
|a DE-21-110
|
| LOK |
|
|
|0 852 1
|9 00
|
| LOK |
|
|
|0 939
|a 12-02-16
|b l01
|
| ORI |
|
|
|a SA-MARC-krimdoka001.raw
|